Τα γαλάζια άνθη

Αποθηκεύτηκε σε:
Λεπτομέρειες βιβλιογραφικής εγγραφής
Κύριος συγγραφέας: Queneau, Raymond, 1903-1976
Άλλοι συγγραφείς: Ιγγλέση-Μαργέλλου, Σεσίλ (trlf)
Μορφή: Βιβλίο
Γλώσσα:Greek
French
Δημοσίευση: Αθήνα : Καστανιώτης, 2003.
Σειρά:Εικοστός αιώνας
Θέματα:
Ετικέτες: Προσθήκη ετικέτας
Δεν υπάρχουν, Καταχωρήστε ετικέτα πρώτοι!

MARC

LEADER 00000cam a2200000 i 4500
001 1/70689
008 050210s2003 gr | ||| |||| ||gre||
020 |a 9600335729 
035 |l 10076303 
040 |a GR-MyUA  |b gre  |e AACR2 
041 1 |a gre  |h fre 
082 0 |a 843  |2 (21) 
100 1 |a Queneau, Raymond,   |d 1903-1976. 
245 1 3 |a Τα γαλάζια άνθη /   |c Ρεϊμόν Κενώ ; μετάφραση από τα Γαλλικά Σεσίλ Ιγγλέση Μαργέλου.  
260 |a Αθήνα :   |b Καστανιώτης,   |c 2003.  
300 |a 261 σ. ;   |c 21 εκ.  
490 1 |a (Εικοστός αιώνας (Καστανιώτης))  
500 |a Τίτλος πρωτοτύπου: Les fleurs bleues.  
650 0 0 |a French fiction  |y 20th century. 
700 1 |a Ιγγλέση-Μαργέλλου, Σεσίλ,  |e trlf 
830 0 |a Εικοστός αιώνας 
852 |a INST  |b SYROS  |e 20050210  |h 843 QUE  |p 005500003634  |q 005500003634  |t BK  |y 0 
901 |a BIBL5-2005-1 
909 |a Ε  |b 116836 
922 |a 5ΕΛΗ  |b 200411  |c 188  |d ΠΛΑΣΤΙΓΓΑ 
950 |a 188-2004-11-03 
970 |a ΤΣΟΥΚΑΛΑ  |b ΑΛΙΚΗ  |z 2005/02/20